| 000 | 01570nam a2200469 i 4500 | ||
|---|---|---|---|
| 001 | 41776 | ||
| 003 | KOSZ 005 | ||
| 005 | 20200116082813.0 | ||
| 008 | 020130s2001 pl a f |000 0 pol | ||
| 015 | _aPB 2002/2385 | ||
| 020 | _a8388840037 | ||
| 035 | _a991017557189705066 | ||
| 035 | _a(PL-WaBN)b14748332-48omnis_nlop | ||
| 035 | _ab14748332 | ||
| 035 | _a(OCoLC)749805567 | ||
| 035 | _a(PL)b0000001474833 | ||
| 035 | _a(EXLNZ-48OMNIS_NETWORK)9910041399705606 | ||
| 040 |
_aWA N _cWA N _dKOSZ 005/HR |
||
| 041 | 0 | _apol | |
| 046 | _k2001 | ||
| 080 | _a005.95/.96 | ||
| 245 | 0 | 0 |
_aZarządzanie pracownikami : _binstrumenty polityki personalnej : praca zbiorowa / _cJoanna Górska [et al.] ; pod red. Kazimierza Makowskiego. |
| 260 |
_aWarszawa : _b"Poltext", _c2001. |
||
| 300 |
_a184 s. : _bil. ; _c25 cm. |
||
| 336 |
_2rdacontent _aTekst _btxt |
||
| 337 |
_2rdamedia _aBez urządzenia pośredniczącego _bn |
||
| 338 |
_2rdacarrier _aWolumin _bnc |
||
| 380 | _aKsiążki | ||
| 380 | _aPublikacje fachowe | ||
| 388 | _a2001- | ||
| 490 | 1 | _aCzłowiek w Firmie | |
| 504 | _aBibliogr. | ||
| 650 | 7 | _aZarządzanie zasobami ludzkimi (HRM) | |
| 658 | _aZarządzanie i marketing | ||
| 700 | 1 |
_aGórska, Joanna _c(ekonomia) _eAutor |
|
| 700 | 1 |
_aMakowski, Kazimierz _eRedakcja |
|
| 710 | 2 |
_aWydawnictwo Poltext _4pbl |
|
| 830 | 0 | _aCzłowiek w Firmie | |
| 856 |
_uhttp://koha.tu.koszalin.pl/cgi-bin/koha/opac-detail.pl?biblionumber=41776 _yKatalog online BPK |
||
| 942 |
_2UKD _cKS |
||
| 999 |
_c41776 _d41776 |
||